| 000 | 00910nam a22002777a 4500 | ||
|---|---|---|---|
| 003 | EG-ScBUE | ||
| 005 | 20220414121515.0 | ||
| 008 | 200219s2003 enk f 000 0 eng d | ||
| 020 | _a9781405017527 | ||
| 020 | _a140501752X | ||
| 040 |
_aEG-ScBUE _beng _erda _cEG-ScBUE _dEG-ScBUE |
||
| 082 | 0 | 4 |
_222 _a420 _bMAN |
| 100 | 1 |
_aMann, Malcolm, _eauthor. _935194 |
|
| 245 | 1 | 0 |
_aSkills for First Certificate : _buse of English, _pTeacher's book / _cMalcolm Mann, Steve Taylore-Knowles. |
| 246 | 3 | 0 | _aTeacher's book |
| 264 | 1 |
_aOxford : _bMacmillan, _c2003. |
|
| 300 |
_a47 pages ; _c30 cm |
||
| 336 |
_2rdacontent _atext _btxt |
||
| 337 |
_2rdamedia _aunmediated _bn |
||
| 338 |
_2rdacarrier _avolume _bnc |
||
| 650 | 7 |
_2BUEsh _aEnglish language _vTextbooks for foreign speakers. |
|
| 653 |
_bHHUUEENN _cApril2022 |
||
| 655 |
_vReading book _934232 |
||
| 700 | 1 |
_aTaylore-Knowles, Steve, _eauthor. |
|
| 942 |
_2ddc _cTR |
||
| 999 |
_c29883 _d29854 |
||